[Event "SVK-ch Amateur"]
[Site "Topolcany"]
[Date "2020.07.10"]
[Round "2"]
[White "Pniaczek, Marek"]
[Black "Bebjak, Tomas"]
[Result "1-0"]
[WhiteElo "2102"]
[BlackElo "1562"]
[PlyCount "51"]
[EventDate "2020.07.10"]
[EventType "swiss"]
[EventRounds "7"]
[EventCountry "SVK"]
[SourceTitle "EXT 2021"]
[Source "ChessBase"]
[SourceDate "2020.10.23"]
[SourceVersion "1"]
[SourceVersionDate "2020.10.23"]
[SourceQuality "1"]

1. e4 e5 2. Nf3 Nc6 3. Bb5 Nf6 4. 0-0 Bd6 5. d4 exd4 6. Bxc6 dxc6 7. e5 0-0 8. exd6 cxd6 9. Qxd4 h6 10. Bf4 d5 11. Nc3 Be6 12. Rfe1 Nd7 13. Ne5 c5 14. Qd2 Nf6 15. Rad1 a6 16. f3 b5 17. b3 Qb6 18. Ne2 Rad8 19. c3 c4+ 20. Qd4 Qb7 21. Bg3 cxb3 22. axb3 Rc8 23. Bf4 Bf5 24. Nd3 a5 25. Nc5 Qa8 26. Ng3 1-0

[Event "SVK-chT3B2 1920"]
[Site "Slovakia"]
[Date "2019.11.03"]
[Round "3.4"]
[White "Maslak, Peter"]
[Black "Bebjak, Tomas"]
[Result "1/2-1/2"]
[WhiteElo "1279"]
[BlackElo "1551"]
[PlyCount "97"]
[EventDate "2019.10.06"]
[EventType "team-tourn"]
[EventRounds "11"]
[EventCountry "SVK"]
[SourceTitle "CBM 193 Extra"]
[Source "ChessBase"]
[SourceDate "2020.01.31"]
[SourceVersion "1"]
[SourceVersionDate "2020.01.31"]
[SourceQuality "1"]
[WhiteTeam "Nemsova Horne Srnie II"]
[BlackTeam "Chynorany"]
[WhiteTeamCountry "SVK"]
[BlackTeamCountry "SVK"]

1. e4 c5 2. Nf3 Nc6 3. Bc4 e6 4. Nc3 d6 5. d3 h6 6. Be3 Nf6 7. a3 d5 8. exd5 exd5 9. Nxd5 Nxd5 10. Bxd5 Qxd5 11. 0-0 Bg4 12. Re1 Be7 13. c4 Qd6 14. h3 Bxf3 15. Qxf3 0-0 16. Rad1 Rfe8 17. b4 cxb4 18. axb4 Nxb4 19. Qxb7 Qc6 20. Qxc6 Nxc6 21. c5 Rad8 22. Rd2 Rd5 23. d4 Bg5 24. Kf1 Bxe3 25. Rxe3 Rxe3 26. fxe3 f5 27. g3 g5 28. Rg2 Kf7 29. Ke2 Ke6 30. Kd3 Rd7 31. Kc4 Ne7 32. Ra2 Nd5 33. Ra3 Rc7 34. Ra6+ Nb6+ 35. Kb5 Kd5 36. cxb6 axb6 37. Rxb6 Rc3 38. Rxh6 Rxe3 39. Rf6 Rxg3 40. Rxf5+ Kxd4 41. Kc6 Ke4 42. Rd5 Kf4 43. Rd4+ Kf5 44. h4 g4 45. Rd5+ Kg6 46. Rg5+ Kh6 47. Kd5 Rg1 48. Ke4 g3 49. Kf3 1/2-1/2

[Event "SVK-chT3B2 1617"]
[Site "Slovakia"]
[Date "2016.10.30"]
[Round "2.8"]
[White "Knapek, Adrian"]
[Black "Bebjak, Tomas"]
[Result "1/2-1/2"]
[WhiteElo "1000"]
[BlackElo "1400"]
[PlyCount "48"]
[EventDate "2016.10.16"]
[EventType "team-tourn"]
[EventRounds "11"]
[EventCountry "SVK"]
[SourceTitle "CBM 175 Extra"]
[Source "ChessBase"]
[SourceDate "2016.12.12"]
[SourceVersion "1"]
[SourceVersionDate "2016.12.12"]
[SourceQuality "1"]
[WhiteTeam "Myjava Spartak"]
[BlackTeam "Chynorany"]
[WhiteTeamCountry "SVK"]
[BlackTeamCountry "SVK"]

1. e4 e5 2. Nf3 Nf6 3. Nc3 d6 4. Be2 Be7 5. 0-0 0-0 6. Nd5 Nxd5 7. exd5 c6 8. dxc6 Nxc6 9. c3 Be6 10. d4 exd4 11. Nxd4 Nxd4 12. Qxd4 Qc7 13. Bf4 Qc5 14. Be3 Qxd4 15. Bxd4 b6 16. a4 d5 17. a5 Bc5 18. Bxc5 bxc5 19. b4 c4 20. f4 f5 21. Bf3 Rfd8 22. Rfe1 Kf7 23. Re5 Rd6 24. Rd1 Rad8 1/2-1/2

[Event "SVK-chT3B2 1516"]
[Site "Slovakia"]
[Date "2016.03.20"]
[Round "10.7"]
[White "Bebjak, Tomas"]
[Black "Bielik, Jakub"]
[Result "0-1"]
[WhiteElo "1000"]
[BlackElo "1584"]
[PlyCount "96"]
[EventDate "2015.10.11"]
[EventType "team-tourn"]
[EventRounds "11"]
[EventCountry "SVK"]
[SourceTitle "EXT 2017"]
[Source "ChessBase"]
[SourceDate "2016.10.25"]
[SourceVersion "1"]
[SourceVersionDate "2016.10.25"]
[SourceQuality "1"]
[WhiteTeam "Chynorany"]
[BlackTeam "Povazske Podhradie"]
[WhiteTeamCountry "SVK"]
[BlackTeamCountry "SVK"]

1. e4 e6 2. d4 d5 3. exd5 exd5 4. Nf3 Nf6 5. Be2 Bd6 6. Bg5 Be6 7. 0-0 Nbd7 8. b3 0-0 9. c4 c6 10. c5 Bc7 11. Nbd2 Bf5 12. Nh4 Be6 13. Nhf3 Bf5 14. Nh4 Be6 15. Nhf3 h6 16. Bxf6 Nxf6 17. Bd3 Bf4 18. Qc2 Nd7 19. Rfe1 Qf6 20. g3 Bxd2 21. Nxd2 Qxd4 22. Rac1 Ne5 23. Re3 Nxd3 24. Rxd3 Qf6 25. Rf3 Qd8 26. b4 a5 27. a3 axb4 28. axb4 Qc7 29. Nb3 Ra3 30. Nd4 Rxf3 31. Nxf3 Ra8 32. Nd4 Qe5 33. Qd2 Ra3 34. Re1 Qf6 35. Nxe6 fxe6 36. Qe2 Kf7 37. Qh5+ Ke7 38. f4 Qd4+ 39. Kg2 Ra2+ 40. Kh3 Rxh2+ 41. Kxh2 Qf2+ 42. Kh3 Qxe1 43. Qh4+ Kd7 44. Qh5 Qh1+ 45. Kg4 Qxh5+ 46. Kxh5 Ke7 47. Kg4 Kf6 48. Kf3 e5 0-1

[Event "SVK-chT3B2 1516"]
[Site "Slovakia"]
[Date "2016.01.31"]
[Round "6.7"]
[White "Bebjak, Tomas"]
[Black "Adamik, Frantisek"]
[Result "1-0"]
[WhiteElo "1000"]
[BlackElo "1410"]
[PlyCount "133"]
[EventDate "2015.10.11"]
[EventType "team-tourn"]
[EventRounds "11"]
[EventCountry "SVK"]
[SourceTitle "CBM 170 Extra"]
[Source "ChessBase"]
[SourceDate "2016.02.25"]
[SourceVersion "1"]
[SourceVersionDate "2016.02.25"]
[SourceQuality "1"]
[WhiteTeam "Chynorany"]
[BlackTeam "Lehota pod Vtacnikom"]
[WhiteTeamCountry "SVK"]
[BlackTeamCountry "SVK"]

1. e4 c5 2. d4 cxd4 3. Qxd4 Nc6 4. Qe3 g6 5. Ne2 Bg7 6. g3 d6 7. Bg2 Bh6 8. Qc3 e5 9. Bxh6 Nxh6 10. Qd2 Qb6 11. b3 Ng4 12. 0-0 Ne7 13. h3 Nf6 14. Qh6 Rf8 15. Qh4 Neg8 16. Kh2 h5 17. Nbc3 Be6 18. f4 exf4 19. Rxf4 Qd8 20. Rd1 a6 21. e5 Nd7 22. Qxd8+ Rxd8 23. Rxd6 Nxe5 24. Rxd8+ Kxd8 25. Bxb7 Bc8 26. Bxc8 Kxc8 27. Nd5 Kb7 28. Rb4+ Kc6 29. c4 Ra8 30. Ra4 Nd7 31. Ra5 Ngf6 32. Nd4+ Kb7 33. Nxf6 Nxf6 34. Re5 Ra7 35. c5 Kc8 36. Re2 Nd5 37. a3 Nc3 38. Rc2 Nb5 39. Nxb5 axb5 40. Ra2 b4 41. a4 Kc7 42. Rc2 Kc6 43. Rc4 Ra5 44. Rxb4 Kxc5 45. Rb7 Ra6 46. Rxf7 Rb6 47. Rf3 Kb4 48. g4 hxg4 49. hxg4 Rc6 50. Kg3 g5 51. Rd3 Rc5 52. Kf3 Re5 53. Re3 Rd5 54. Ke4 Ra5 55. Rf3 Ka3 56. Rf5 Ra6 57. Rb5 Re6+ 58. Kf5 Re3 59. Kxg5 Re2 60. Rb6 Rf2 61. Kg6 Rf1 62. g5 Rf2 63. Kg7 Rf3 64. g6 Rf2 65. Rf6 Rg2 66. Rb6 Rf2 67. a5 1-0